Fast Static RAM (Record no. 189179)
[ view plain ]
| 000 -LEADER | |
|---|---|
| fixed length control field | 00616 a2200145 4500 |
| 003 - CONTROL NUMBER IDENTIFIER | |
| control field | Nust |
| 005 - DATE AND TIME OF LATEST TRANSACTION | |
| control field | 20221129152136.0 |
| 040 ## - CATALOGING SOURCE | |
| Transcribing agency | Nust |
| 082 ## - DEWEY DECIMAL CLASSIFICATION NUMBER | |
| Classification number | 621.3815,MOT |
| 245 ## - TITLE STATEMENT | |
| Title | Fast Static RAM |
| Remainder of title | BiCMOS,CMOS, and Module Data / |
| 260 ## - PUBLICATION, DISTRIBUTION, ETC. | |
| Name of publisher, distributor, etc. | Motorola |
| Date of publication, distribution, etc. | 1992 |
| 505 ## - FORMATTED CONTENTS NOTE | |
| Formatted contents note | Selector Guide And Cross Reference (Page-1-3), BiCMOS Static Rams (Page-2-3), CMOS Static Rams (Page-3-3), Application Specific Static Rams (Page-4-3), Fast Static RAM Modules (Page-5-3), Military (Page-6-1), Reliability (Page-7-2), Applications (Page-8-3), Mechanical (Page-9-3). |
| 650 ## - SUBJECT ADDED ENTRY--TOPICAL TERM | |
| Topical term or geographic name entry element | Telecommunication engineering |
| 942 ## - ADDED ENTRY ELEMENTS (KOHA) | |
| Source of classification or shelving scheme | |
| Koha item type | Book |
| Withdrawn status | Lost status | Source of classification or shelving scheme | Damaged status | Not for loan | Permanent Location | Current Location | Shelving location | Date acquired | Full call number | Barcode | Date last seen | Price effective from | Koha item type | Public note |
|---|---|---|---|---|---|---|---|---|---|---|---|---|---|---|
| Military College of Signals (MCS) | Military College of Signals (MCS) | General Stacks | 12/12/2016 | 621.3815,MOT | MCS34979 | 12/08/2016 | 12/12/2016 | Book | Almira No.33, Shelf No.1 |
